000 00375 a2200157 4500
001 154237
040 _cEscola São Tomás de Aquino
100 _aGUERRA, Wendy
240 1 0 _aNunca fui primeira dama
_lpor
245 1 0 _aNunca fui primeira dama
300 _a255
362 0 _a2010
440 1 _aSaraiva
697 _aOUTRAS LITERATURAS (DIVERSAS LÍNGUAS)
942 _cBK
999 _c154237
_d154237